000
00465nam a2200181Ia 4500
008
090124s9999 xx 000 0 und d
082
_b
119590
100
_a
साळोखे विलास
245
_a
मिथुन
250
_a
1
260
_c
1983
300
_a
102
600
_a
साळोखे विलास
630
_a
मिथुन
700
_a
साळोखे विलास
730
_a
मिथुन
942
_c
BOOK
999
_c
165676
_d
165676